000 00607nam a22002177a 4500
003 UA-OsUOA
001 73633
007 ta
008 20110314b un ||||| |||| 00| 0 ukr d
100 _aПанченко В.
090 _a82
_bП16
942 _cSA
040 _aUA-OsUOA
_bukr
_cUA-OsUOA
_dUA-OsUOA
245 _aІдеологічна повість ІІ половини ХІХ ст. і генеза соцреалізму
300 _aС.58-64
955 _a0
041 _aukr
080 _a82
773 0 _w73630
650 7 _a82 Література. Літературознавство
_2UDC
999 _c359924
_d359924